[Event "Tambov Korensky Memorial 25th"]
[Site "Tambov"]
[Date "2016.08.25"]
[Round "6"]
[White "Nevzorov, Nikolay G"]
[Black "Astafurov, Arseniy"]
[Result "1-0"]
[WhiteElo "2082"]
[BlackElo "2088"]
[PlyCount "101"]
[EventDate "2016.08.20"]
[EventType "swiss"]
[EventRounds "9"]
[EventCountry "RUS"]
[SourceTitle "CBM 174 Extra"]
[Source "ChessBase"]
[SourceDate "2016.10.10"]
[SourceVersion "1"]
[SourceVersionDate "2016.10.10"]
[SourceQuality "1"]

1. c4 c6 2. d4 d5 3. cxd5 cxd5 4. Nc3 Nc6 5. Nf3 Nf6 6. g3 g6 7. Bg2 Bg7 8. 0-0 0-0 9. Ne5 e6 10. Nxc6 bxc6 11. Na4 Nd7 12. Qc2 Ba6 13. Rd1 Rc8 14. e4 Qe7 15. Be3 Bb5 16. Nc5 Nxc5 17. dxc5 Rfd8 18. a4 Ba6 19. exd5 cxd5 20. Rac1 d4 21. Bf4 d3 22. Qd2 Rxc5 23. Rxc5 Qxc5 24. b4 Qe7 25. Bg5 f6 26. Be3 e5 27. Qa2+ Kh8 28. b5 Bc8 29. Qc4 Be6 30. Qc3 Bf5 31. Qc5 Qxc5 32. Bxc5 Be6 33. Be4 Bc4 34. Bxa7 f5 35. Bb6 Rb8 36. Bc7 fxe4 37. Bxb8 Bb3 38. Rd2 Bxa4 39. b6 Bc6 40. Bd6 Kg8 41. Bc5 Kf7 42. Be3 Ke6 43. Ra2 Bf8 44. Ra7 h5 45. Rc7 Kd6 46. Rf7 Be7 47. h4 Ke6 48. Rg7 Bc5 49. Rxg6+ Kd5 50. Bxc5 Kxc5 51. Kf1 1-0

[Event "Tambov Korensky Memorial 25th"]
[Site "Tambov"]
[Date "2016.08.21"]
[Round "2"]
[White "Nevzorov, Nikolay G"]
[Black "Vlasov, Valery"]
[Result "1-0"]
[WhiteElo "2082"]
[BlackElo "1921"]
[PlyCount "97"]
[EventDate "2016.08.20"]
[EventType "swiss"]
[EventRounds "9"]
[EventCountry "RUS"]
[SourceTitle "CBM 174 Extra"]
[Source "ChessBase"]
[SourceDate "2016.10.10"]
[SourceVersion "1"]
[SourceVersionDate "2016.10.10"]
[SourceQuality "1"]

1. d4 Nf6 2. c4 g6 3. g3 Bg7 4. Bg2 0-0 5. Nc3 c5 6. d5 d6 7. Nf3 Nbd7 8. 0-0 a6 9. h3 b6 10. Qd3 Rb8 11. a4 h6 12. Bd2 Re8 13. e4 Qc7 14. Rae1 Ne5 15. Nxe5 dxe5 16. f4 Nh5 17. f5 Qd6 18. Qf3 Bd7 19. g4 Nf6 20. fxg6 fxg6 21. Qe2 g5 22. Bf3 Rf8 23. Kg2 Ne8 24. h4 Qg6 25. hxg5 hxg5 26. Rh1 Nf6 27. Kg3 Kf7 28. Qe3 Rh8 29. Qxg5 Qxg5 30. Bxg5 b5 31. Rxh8 Bxh8 32. axb5 axb5 33. cxb5 Bxb5 34. Be3 Bd3 35. g5 Nd7 36. Bh5+ Kf8 37. Bg4 Rxb2 38. Bxd7 Rb3 39. Bd2 Rb2 40. Rd1 Rb3 41. Kh4 Bg7 42. Ra1 Kf7 43. Be6+ Kg6 44. Bf5+ Kf7 45. g6+ Kg8 46. Be6+ Kh8 47. Ra8+ Bf8 48. Rxf8+ Kg7 49. Rg8+ 1-0

[Event "Tambov Region-ch"]
[Site "Tambov"]
[Date "2016.03.03"]
[Round "3"]
[White "Uryupin, Igor Nikolaevich"]
[Black "Nevzorov, Nikolay G"]
[Result "1/2-1/2"]
[WhiteElo "2222"]
[BlackElo "2081"]
[PlyCount "72"]
[EventDate "2016.03.02"]
[EventType "swiss"]
[EventRounds "9"]
[EventCountry "RUS"]
[SourceTitle "CBM 171 Extra"]
[Source "ChessBase"]
[SourceDate "2016.04.26"]
[SourceVersion "1"]
[SourceVersionDate "2016.04.26"]
[SourceQuality "1"]

1. c4 c5 2. Nf3 Nc6 3. d4 cxd4 4. Nxd4 Nf6 5. Nc3 d6 6. g3 Qb6 7. Nc2 g6 8. Bg2 Bg7 9. 0-0 0-0 10. Ne3 Be6 11. Ned5 Bxd5 12. Nxd5 Nxd5 13. Qxd5 Nd4 14. Qe4 Rac8 15. Qd3 Ne6 16. Rb1 Nc5 17. Qc2 a5 18. b3 Qc7 19. Be3 Na6 20. Qd2 Nb4 21. Rfc1 Nc6 22. a3 Rfd8 23. Rd1 Ne5 24. h3 Rb8 25. Ba7 Ra8 26. Be3 Rab8 27. f4 Nd7 28. Rdc1 Nc5 29. b4 axb4 30. axb4 Ne6 31. Qd5 b6 32. h4 Qa7 33. Qd3 Qa2 34. Bd5 Nc7 35. Bc6 d5 36. c5 b5 1/2-1/2

[Event "Tambov Region-ch"]
[Site "Tambov"]
[Date "2015.10.29"]
[Round "4"]
[White "Nevzorov, Nikolay G"]
[Black "Uimenov, Vladimir"]
[Result "1-0"]
[WhiteElo "2097"]
[BlackElo "1934"]
[PlyCount "79"]
[EventDate "2015.10.28"]
[EventType "tourn"]
[EventRounds "9"]
[EventCountry "RUS"]
[SourceTitle "CBM 169 Extra"]
[Source "ChessBase"]
[SourceDate "2015.12.18"]
[SourceVersion "1"]
[SourceVersionDate "2015.12.18"]
[SourceQuality "1"]

1. f4 Nf6 2. Nf3 d6 3. b3 Bg4 4. e3 Nc6 5. Bb5 g6 6. Bb2 Bg7 7. h3 Bd7 8. e4 0-0 9. d3 e5 10. Bxc6 bxc6 11. fxe5 Nh5 12. 0-0 d5 13. Nbd2 Be6 14. Qe1 Bh6 15. Ba3 Re8 16. Bc5 Bf4 17. Bf2 Qd7 18. Qe2 Ng3 19. Bxg3 Bxg3 20. d4 Qe7 21. Nh2 c5 22. Ng4 Bxg4 23. Qxg4 Qh4 24. Qxh4 Bxh4 25. Nf3 Bg3 26. exd5 cxd4 27. Rad1 Bxe5 28. Nxe5 Rxe5 29. Rxd4 Rd8 30. c4 Rd6 31. Rfd1 Re2 32. R4d2 Rxd2 33. Rxd2 Kf8 34. Kf2 Ke7 35. Ke3 Rd8 36. Kd4 c6 37. Kc5 cxd5 38. Rxd5 Rb8 39. b4 a6 40. a4 1-0

[Event "Tambov Korensky Memorial 24th"]
[Site "Tambov"]
[Date "2015.08.27"]
[Round "6"]
[White "Nevzorov, Nikolay G"]
[Black "Balashov, Yuri S"]
[Result "0-1"]
[WhiteElo "2070"]
[BlackElo "2435"]
[PlyCount "84"]
[EventDate "2015.08.22"]
[EventType "swiss"]
[EventRounds "9"]
[EventCountry "RUS"]
[SourceTitle "EXT 2016"]
[Source "ChessBase"]
[SourceDate "2015.10.08"]
[SourceVersion "1"]
[SourceVersionDate "2015.10.08"]
[SourceQuality "1"]

1. c4 e5 2. Nc3 d6 3. d4 exd4 4. Qxd4 Nc6 5. Qd1 Nf6 6. e4 g6 7. Bd3 Bg7 8. Nge2 0-0 9. 0-0 Re8 10. f3 Ne5 11. Bg5 h6 12. Bh4 c6 13. Rc1 a6 14. Bf2 b5 15. cxb5 axb5 16. a3 Nfd7 17. Nd4 Nxd3 18. Qxd3 Ne5 19. Qe2 Bd7 20. Rfd1 Qb8 21. Nb3 c5 22. f4 Nc4 23. h3 Bc6 24. e5 dxe5 25. fxe5 Qxe5 26. Nxc5 Ne3 27. Bxe3 Qxe3+ 28. Qf2 Bd4 29. Rxd4 Qxc1+ 30. Rd1 Qe3 31. Rd6 Qxf2+ 32. Kxf2 Rac8 33. b4 Kg7 34. g3 Red8 35. Rxd8 Rxd8 36. Ke3 Ra8 37. Nb1 Kf6 38. Kd4 Ke7 39. a4 bxa4 40. Na3 Rd8+ 41. Kc4 Bd5+ 42. Kb5 Kd6 0-1